00273 a2200085 450000100060000008200160000610000390002224500790006126000470014059327 a340.072 MCC aMike McConville and Wing Hong Chui aResearch methods for lawbResearch Methods for the Arts and the Humanities aEdinburghbEdinburg University Pressc2007